| 000 | 01564nam a22003137a 4500 | ||
|---|---|---|---|
| 001 | 1421 | ||
| 005 | 20250530113720.0 | ||
| 020 | _a9789995054984 | ||
| 040 |
_aFISKH _beng _cFISKH _dFISKH |
||
| 082 | _a591.77 | ||
| 100 | _aLouisy, Patrick | ||
| 245 |
_aសត្វសមុទ្រ / _cនិពន្ធដោយ Patrick Louisy - គូររូបដោយ Catherine Fichaux, Claire Felloni, Jean Grosson និង Pascal Robin |
||
| 250 | _aបោះពុម្ពលើកទី ៦ កក្កដា ២០២១ | ||
| 260 |
_aToulouse : _bSipar, _c2005. |
||
| 300 |
_a37 pages : _bcolor illustrations ; _c25 cm |
||
| 490 | _aស្វែងយល់ពី | ||
| 505 | _aZ | ||
| 520 | _aបង្ហាញពីប្រភេទសត្វខុសៗគ្នានៅក្នុងសមុទ្រ អំពីការរស់នៅ រូបរាងលក្ខណៈ និងចំណីអាហារដែលពួកវាស៊ី។ | ||
| 520 | _aDescribe the different species of animals in the sea about their life, appearance, characteristics, and the food they eat. | ||
| 521 |
_a890
_bLexile estimate |
||
| 521 |
_aZ
_bRaz-Plus |
||
| 650 |
_aសត្វនៅក្នុងទឹក _vចំណីាអាហារ _xរូបរាង |
||
| 650 |
_aSea animals _vFood _xAppearance |
||
| 700 |
_aCatherine Fichaux _cillustrator |
||
| 700 |
_aClaire Felloni _cillustrator |
||
| 700 |
_aJean Grosson _cillustrator |
||
| 700 |
_aPascal Robin _cillustrator |
||
| 942 |
_2ddc _cBK _n0 |
||
| 999 |
_c1421 _d1421 |
||